000 00527nam a2200193Ia 4500
005 20250508162423.0
008 008 250505s9999 xx 000 0 eng d
037 _aTextual
040 _aFEDL
_beng
_cFEDL
041 _aeng
_2eng
084 _a370.9, BEL
_qFEDL
100 _aBelok Michael V. Ed.
_9139703
245 0 _aComparative education and global village
260 _aMeerut, India
_bAnu Books
300 _a175p.
650 _aEducation
942 _cTEXL
_h370.9, BEL
999 _c1376427
_d1376427